000 00587nam a22001937a 4500
003 DO-CoUTE
005 20260525170938.0
008 260525b dr ||||| |||| 00| 0 spa d
040 _aDO-CoUTE
_bspa
_cDO-CoUTE
082 _aRD863.44T554P
100 1 _aTiburcio Gomez, Esteban
_eAutor
245 1 0 _aEl Planeta de los besos /
_cEsteban Tiburcio Gomez
260 _aSanto Domingo :
_bCotoy
_c2020
300 _a87 Paginas :
_c16x18cm
504 _aIncluye referencia bibliográfica e índice.
650 4 _aNovela
700 1 _aEsteban Tiburcio Gomez
_eAutor
942 _2ddc
_cBK
999 _c24234
_d24234